Mechanical Processes And System (Record no. 307000)

MARC details
000 -LEADER
fixed length control field 00397nam a2200157Ia 4500
008 - FIXED-LENGTH DATA ELEMENTS--GENERAL INFORMATION
fixed length control field 230718s9999 xx 000 0 und d
041 ## - LANGUAGE CODE
Language code of text/sound track or separate title eng
082 ## - DEWEY DECIMAL CLASSIFICATION NUMBER
Classification number 621.02
Item number PAT
100 ## - MAIN ENTRY--PERSONAL NAME
Personal name Patil S.A.
245 ## - TITLE STATEMENT
Title Mechanical Processes And System
260 ## - PUBLICATION, DISTRIBUTION, ETC. (IMPRINT)
Date of publication, distribution, etc. 1999
Name of publisher, distributor, etc. Tech Max Publications
300 ## - PHYSICAL DESCRIPTION
Extent 487
365 ## - TRADE PRICE
Currency code Rs.
Price amount 195.00
700 ## - ADDED ENTRY--PERSONAL NAME
Personal name Patil S.A.
906 ## - LOCAL DATA ELEMENT F, LDF (RLIN)
d B:131402-Mar-2004
c INST
b 39
Holdings
Withdrawn status Lost status Damaged status Not for loan Home library Current library Date acquired Vendor Budget Code Cost, normal purchase price Bill number Full call number Barcode Date last seen Discount Cost, replacement price Bill Date Koha item type Original Barcode
Withdrawn       Cummins College of Engineering for Women Pune Cummins College of Engineering for Women Pune 06/03/2004 M Book INST 156.00 1314 621.02 CCEP-BK-18207 18/07/2023 39 195.00 02/03/2004 Books 018207